[Event "Istanbul (ol)"]
[Site "?"]
[Date "2000.??.??"]
[Round "?"]
[White "Piket, Je"]
[Black "Aleksandrov, A."]
[Result "1/2-1/2"]
[WhiteElo "2645"]
[BlackElo "2590"]
[PlyCount "83"]
[EventDate "2000.??.??"]
[Source "Chess Informant"]
[SourceDate "2000.10.01"]

1. d4 Nf6 2. c4 e6 3. Nf3 d5 4. Nc3 Bb4 5. e3 O-O 6. Bd3 c5 7. O-O Nc6 8. a3 Bxc3 9. bxc3 Qc7 10. Bb2 Na5 11. cxd5 exd5 12. Ne5 c4 13. Bc2 Ne4 14. f3 Nd6 15. h3 Bf5 16. a4 f6 17. Ng4 Rfe8 18. Ba3 Bxg4 19. hxg4 Rxe3 20. Qd2 Rae8 21. Rae1 Rxe1 22. Rxe1 g6 23. Kf2 Rxe1 24. Qxe1 Kf7 25. Qe3 Nc6 26. Qh6 Ke6 27. Qe3+ Kf7 28. Qh6 Ke6 29. f4 Qf7 30. f5+ gxf5 31. Qf4 Qc7 32. Bxf5+ Ke7 33. g5 fxg5 34. Qxg5+ Kf7 35. Qh5+ Kf6 36. Bxh7 Qf7 37. Qf3+ Kg7 38. Bxd6 Qxf3+ 39. Kxf3 Kxh7 40. Kf4 Kg6 41. g4 a6 42. g5 1/2-1/2

[Event "Munchen"]
[Site "?"]
[Date "1992.??.??"]
[Round "?"]
[White "Yusupov, A."]
[Black "Lobron, E."]
[Result "1/2-1/2"]
[WhiteElo "2655"]
[BlackElo "2575"]
[PlyCount "115"]
[EventDate "1992.??.??"]
[Source "ChessBase"]
[SourceDate "1992.02.01"]

1. d4 Nf6 2. c4 e6 3. Nc3 Bb4 4. e3 O-O 5. Bd3 d5 6. Nf3 c5 7. O-O Nc6 8. a3 Bxc3 9. bxc3 b6 10. cxd5 exd5 11. Ne5 Bb7 12. Bb2 c4 13. Nxc6 Bxc6 14. Bc2 Re8 15. a4 a5 16. Qe2 Qe7 17. Rfe1 g6 18. f3 Nh5 19. e4 dxe4 20. fxe4 Nf6 21. e5 Qe6 22. Bc1 Nd7 23. Bh6 f6 24. Rad1 fxe5 25. Qd2 Qd5 26. Be4 Qd6 27. dxe5 Qxd2 28. Rxd2 Nxe5 29. Rde2 Kf7 30. Rf1+ Kg8 31. Bxc6 Nxc6 32. Ref2 Ne5 33. h3 Rab8 34. Rf6 Rec8 35. Kh2 Re8 36. Kg1 Rec8 37. Kh1 Re8 38. Kh2 Rec8 39. Kg1 Re8 40. Kh2 Rec8 41. R6f4 Re8 42. h4 Rec8 43. Kh3 Re8 44. Rf6 Red8 45. g3 Re8 46. g4 b5 47. axb5 a4 48. b6 a3 49. Ra1 Nd7 50. Rd6 Re7 51. Rxa3 Rxb6 52. Ra8+ Kf7 53. Rxb6 Nxb6 54. Rh8 Ke6 55. h5 gxh5 56. gxh5 Nd5 57. Rc8 Nxc3 58. Rxc4 1/2-1/2

[Event "Manila ol (Men)"]
[Site "Manila PHI"]
[Date "1992.??.??"]
[Round "?"]
[White "Azmaiparashvili, Zurab A"]
[Black "Vaganian, Rafael A"]
[Result "1/2-1/2"]
[WhiteElo "2610"]
[BlackElo "2590"]
[PlyCount "55"]
[EventDate "1992.06.??"]
[Source "www.chesslib.no"]
[SourceDate "2004.05.04"]

1. d4 Nf6 2. c4 e6 3. Nc3 Bb4 4. e3 O-O 5. Bd3 d5 6. Nf3 c5 7. O-O Nc6 8. a3 Bxc3 9. bxc3 Qc7 10. cxd5 exd5 11. a4 c4 12. Bc2 Bg4 13. Qe1 Bxf3 14. gxf3 Qd7 15. Qe2 Rfe8 16. Kh1 Qh3 17. Rg1 Nh5 18. e4 Re6 19. Be3 Ne7 20. Rab1 b6 21. Rg5 Rh6 22. Rg4 Nf6 23. Rg2 Rh5 24. e5 Ne8 25. f4 f5 26. Bd1 Rh4 27. Qf1 Rh6 28. Qg1 1/2-1/2

[Event "4th OIBM, Bad Wiessee GER"]
[Site "?"]
[Date "2000.??.??"]
[Round "8"]
[White "Nenashev, A."]
[Black "Gavrikov, Vi"]
[Result "1-0"]
[WhiteElo "2640"]
[BlackElo "2545"]
[PlyCount "125"]
[EventDate "2000.??.??"]
[Source "www.chesslib.no"]
[SourceDate "2004.05.04"]

1. d4 Nf6 2. c4 e6 3. Nc3 Bb4 4. e3 O-O 5. Bd3 d5 6. Nf3 c5 7. O-O Nc6 8. a3 Bxc3 9. bxc3 Qc7 10. cxd5 exd5 11. Nd2 c4 12. Bc2 Ng4 13. g3 f5 14. a4 Qa5 15. Ra3 Bd7 16. Re1 Rae8 17. Nf1 Nf6 18. f3 Rf7 19. Bd2 Qc7 20. Ra1 g6 21. Qe2 Qc8 22. Qd1 Nd8 23. Bc1 Rfe7 24. Re2 Nf7 25. Qe1 Ng5 26. Nd2 f4 27. e4 dxe4 28. fxe4 f3 29. Re3 Ng4 30. Rxf3 Nxf3+ 31. Nxf3 Bc6 32. Nd2 Rf7 33. Nxc4 Bxe4 34. Nd6 Bxc2 35. Nxe8 Nf2 36. Nd6 Qc6 37. Qe8+ Qxe8 38. Nxe8 Ne4 39. Bf4 Nxc3 40. Nd6 Re7 41. Be5 Ne4 42. Rc1 Nxd6 43. Rxc2 Nf5 44. Kf2 Rd7 45. Rc4 Kf7 46. g4 Ne7 47. Kf3 Ke6 48. Ke4 Nc6 49. Rc5 Ne7 50. Bb8 Nd5 51. g5 a6 52. Rc1 Rd8 53. Be5 Rf8 54. Rc5 Rd8 55. a5 Rd7 56. Rc8 Kf7 57. Rh8 Ke6 58. Re8+ Kf7 59. Rc8 Ke6 60. Bg3 Re7 61. Rd8 Nc3+ 62. Kd3 Nd5 63. Rd6+ 1-0

[Event "Noyabrsk Fakel Jamala"]
[Site "Noyabrsk"]
[Date "2003.11.28"]
[Round "11"]
[White "Yakovich, Yuri"]
[Black "Baklan, Vladimir"]
[Result "1/2-1/2"]
[WhiteElo "2573"]
[BlackElo "2600"]
[PlyCount "21"]
[EventDate "2003.11.18"]
[Source "ChessBase"]
[SourceDate "2004.03.30"]

1. d4 Nf6 2. c4 e6 3. Nc3 Bb4 4. e3 O-O 5. Bd3 d5 6. Nf3 c5 7. O-O Nc6 8. a3 Bxc3 9. bxc3 Qc7 10. h3 dxc4 11. Bxc4 1/2-1/2

[Event "Corr"]
[Site "corr."]
[Date "1987.??.??"]
[Round "?"]
[White "Sitjev A.V"]
[Black "Van Oosterom, Joop J"]
[Result "0-1"]
[WhiteElo "2540"]
[BlackElo "2630"]
[PlyCount "118"]
[EventDate "1987.??.??"]
[Source "www.chesslib.no"]
[SourceDate "2004.05.04"]

1. d4 Nf6 2. c4 e6 3. Nc3 Bb4 4. e3 O-O 5. Bd3 d5 6. Nf3 c5 7. O-O Nc6 8. a3 Bxc3 9. bxc3 Qc7 10. cxd5 exd5 11. Nh4 Qa5 12. Bb2 Re8 13. Qe1 Qd8 14. Rd1 cxd4 15. cxd4 Ne4 16. f3 Nd6 17. g4 Bd7 18. Qg3 Qe7 19. Rde1 Na5 20. Bc3 Ndc4 21. Bb4 Qg5 22. Ng2 Rac8 23. h4 Qd8 24. Qf2 Bb5 25. Rc1 Nc6 26. Rfe1 a5 27. Bxc4 Bxc4 28. Bc3 b5 29. e4 b4 30. axb4 axb4 31. Bb2 b3 32. Qd2 Rb8 33. Ne3 Nb4 34. Nxc4 dxc4 35. Rxc4 Nc2 36. Rb1 Qxh4 37. Rc6 h5 38. gxh5 Rec8 39. Rxc8+ Rxc8 40. Qh2 Qg5+ 41. Kh1 Ne1 42. Rxe1 Rc2 43. Re2 Rxb2 44. Qb8+ Kh7 45. Rxb2 Qc1+ 46. Kg2 Qxb2+ 47. Kg3 Qc3 48. h6 b2 49. hxg7 Kxg7 50. Qe5+ Kf8 51. Qb8+ Ke7 52. Qb7+ Kd8 53. Qa8+ Kc7 54. Qa7+ Kd8 55. Qa8+ Qc8 56. Qd5+ Qd7 57. Qb3 Qxd4 58. Kf4 Kc8 59. Qa2 Qb6 0-1

[Event "Goodricke 13th op"]
[Site "Calcutta"]
[Date "2002.03.24"]
[Round "8"]
[White "Ghaem Maghami, Ehsan"]
[Black "Aleksandrov, Aleksej"]
[Result "1-0"]
[WhiteElo "2513"]
[BlackElo "2645"]
[PlyCount "151"]
[EventDate "2002.03.17"]
[Source "ChessBase"]
[SourceDate "2002.03.21"]

1. c4 e6 2. Nc3 d5 3. d4 Bb4 4. Nf3 Nf6 5. e3 O-O 6. Bd3 c5 7. O-O Nc6 8. a3 Bxc3 9. bxc3 Qc7 10. Qe2 Na5 11. Ne5 Nd7 12. cxd5 Nxe5 13. dxe5 Qxe5 14. dxe6 Qxe6 15. c4 Nb3 16. Rb1 Nxc1 17. Rfxc1 b6 18. Qf3 Bd7 19. Be4 Rad8 20. Bd5 Qg6 21. e4 Rfe8 22. Re1 Re7 23. Rb3 Rde8 24. Rbe3 h5 25. Qf4 Qg4 26. Qd6 h4 27. h3 Qh5 28. Rf3 Ba4 29. Rf5 Qxf5 30. exf5 Rxe1+ 31. Kh2 R1e5 32. f6 Rf5 33. fxg7 Kxg7 34. Qc7 Rxf2 35. Qxa7 Bc2 36. Qxb6 Rc8 37. Qb2+ Kg8 38. Be4 Re8 39. Bxc2 Ree2 40. Qb8+ Kg7 41. Bd3 Rxg2+ 42. Kh1 Ra2 43. Qe5+ Kg8 44. a4 Rg3 45. Bf1 Rf2 46. Qe1 Ra2 47. a5 Rga3 48. Qe8+ Kg7 49. Qe5+ Kg8 50. Qg5+ Kf8 51. Qxc5+ Kg8 52. Qg5+ Kf8 53. c5 Ra1 54. Qf6 Rxh3+ 55. Kg2 Rg3+ 56. Kf2 Ra2+ 57. Be2 Rg6 58. Qh8+ Ke7 59. Qxh4+ Rf6+ 60. Ke3 Rxa5 61. Kd4 Ra2 62. Bc4 Raf2 63. Kc3 R2f4 64. Qg5 R4f5 65. Qe3+ Kf8 66. Bd3 Re6 67. Qd4 Rf3 68. Qd5 Ree3 69. Qd8+ Re8 70. Qd6+ Kg7 71. c6 Re6 72. Qd4+ Rff6 73. Be4 Rd6 74. Qc5 Rde6 75. c7 Rxe4 76. c8=Q 1-0

[Event "URS Team Ch"]
[Site "Nabereznye Chelny"]
[Date "1988.??.??"]
[Round "?"]
[White "Vaisser, Anatoli V"]
[Black "Vaganian, Rafael A"]
[Result "1/2-1/2"]
[WhiteElo "2530"]
[BlackElo "2625"]
[PlyCount "25"]
[EventDate "1988.??.??"]
[Source "www.chesslib.no"]
[SourceDate "2004.05.04"]

1. d4 Nf6 2. c4 e6 3. Nc3 Bb4 4. e3 O-O 5. Bd3 d5 6. Nf3 c5 7. O-O Nc6 8. a3 Bxc3 9. bxc3 Qc7 10. cxd5 exd5 11. h3 Re8 12. dxc5 Na5 13. a4 1/2-1/2

[Event "Koge op"]
[Site "Koge"]
[Date "1997.??.??"]
[Round "6"]
[White "Volzhin, Alexander"]
[Black "Aleksandrov, Aleksej"]
[Result "0-1"]
[WhiteElo "2495"]
[BlackElo "2660"]
[PlyCount "117"]
[EventDate "1997.??.??"]
[Source "www.chesslib.no"]
[SourceDate "2004.05.04"]

1. d4 Nf6 2. c4 e6 3. Nc3 Bb4 4. e3 O-O 5. Bd3 c5 6. Nf3 d5 7. O-O Nc6 8. a3 Bxc3 9. bxc3 Qc7 10. h3 dxc4 11. Bxc4 e5 12. Ba2 b6 13. d5 e4 14. dxc6 exf3 15. Qxf3 Ba6 16. c4 Rae8 17. Bb2 Ne4 18. Rad1 Qxc6 19. Qf4 Re6 20. f3 Nf6 21. e4 Rfe8 22. Qd2 R6e7 23. e5 Nd7 24. f4 Bb7 25. Rf2 Nf8 26. f5 Rd7 27. Qc1 Qh6 28. Qa1 Qg5 29. Re1 Rd2 30. Bc1 Rxf2 31. Bxg5 Rxg2+ 32. Kf1 Rxg5 33. Bb1 Bg2+ 34. Kf2 Bxh3 35. Rg1 Rxg1 36. Kxg1 Rd8 37. Qc3 Rd4 38. Qxh3 Rd1+ 39. Kf2 Rxb1 40. Qd3 Rb2+ 41. Kf3 Ra2 42. Qd8 Rxa3+ 43. Kf4 Ra1 44. e6 fxe6 45. Kg3 Re1 46. Qe7 a5 47. f6 gxf6 48. Qxf6 Rg1+ 49. Kf2 Rg4 50. Qd8 a4 51. Qxb6 Rxc4 52. Qb5 Rc2+ 53. Ke3 a3 54. Qa5 a2 55. Kf4 Kg7 56. Ke5 Rd2 57. Qa3 h5 58. Kf4 Ng6+ 59. Kg3 0-1

[Event "Moscow-A"]
[Site "Moscow RUS"]
[Date "1987.??.??"]
[Round "?"]
[White "Lerner, Konstantin Z"]
[Black "Hjartarson, Johann"]
[Result "1/2-1/2"]
[WhiteElo "2555"]
[BlackElo "2555"]
[PlyCount "79"]
[EventDate "1987.06.??"]
[Source "www.chesslib.no"]
[SourceDate "2004.05.04"]

1. d4 Nf6 2. c4 e6 3. Nc3 Bb4 4. e3 O-O 5. Bd3 d5 6. Nf3 c5 7. O-O Nc6 8. a3 Bxc3 9. bxc3 Qc7 10. Qc2 Na5 11. cxd5 exd5 12. Ne5 c4 13. Be2 Ne4 14. Ra2 f6 15. Nf3 Nd6 16. a4 Bf5 17. Qd1 Ne4 18. Bb2 Nb3 19. Nh4 Be6 20. f3 Ned2 21. Re1 g5 22. Ba3 Rfe8 23. Rxd2 Nxd2 24. Qxd2 gxh4 25. e4 Qg7 26. Bf1 b6 27. Bc1 h3 28. g3 Qg6 29. Qf4 dxe4 30. fxe4 Bd5 31. Re3 Rxe4 32. Qd6 Qf5 33. Bxh3 Qg5 34. Bg2 Rae8 35. h4 Qf5 36. g4 Qe6 37. Qxe6+ R8xe6 38. Bxe4 Rxe4 39. Rxe4 Bxe4 40. Bf4 1/2-1/2

[Event "MK Cafe Cup-A"]
[Site "Koszalin"]
[Date "1999.08.11"]
[Round "8"]
[White "Lerner, Konstantin Z"]
[Black "Brodsky, Michail"]
[Result "1/2-1/2"]
[WhiteElo "2588"]
[BlackElo "2512"]
[PlyCount "127"]
[EventDate "1999.08.03"]
[Source "ChessBase"]
[SourceDate "1999.12.01"]

1. d4 Nf6 2. c4 e6 3. Nc3 Bb4 4. e3 O-O 5. Bd3 d5 6. Nf3 c5 7. O-O Nc6 8. a3 Bxc3 9. bxc3 Qc7 10. cxd5 exd5 11. a4 Re8 12. Ba3 c4 13. Bc2 Ne4 14. Bxe4 Rxe4 15. Nd2 Re8 16. Qc2 Ne7 17. e4 dxe4 18. Qxe4 Bf5 19. Qf3 Be6 20. Bxe7 Rxe7 21. Rfe1 Rd8 22. Re5 f6 23. Rc5 Qd7 24. Nf1 b6 25. Rb5 Bd5 26. Qg3 Be4 27. Ne3 Rc8 28. h4 Kh8 29. Rb4 Bd3 30. a5 b5 31. a6 Re6 32. Ra5 Rb6 33. Qf3 Rd8 34. Qh5 f5 35. Qf3 Kg8 36. h5 h6 37. g4 fxg4 38. Qxg4 Qe8 39. Ra1 Qf7 40. Rb2 Rf8 41. f4 Re8 42. Re1 Rf6 43. Rf2 Rxa6 44. Kh2 Kh7 45. f5 Kh8 46. Qh3 Qc7+ 47. Kg1 Rf6 48. Ra1 Qd7 49. Qg3 Bxf5 50. Raf1 Bd3 51. Ng4 Bxf1 52. Nxf6 gxf6 53. Kxf1 Qe6 54. Rg2 Rg8 55. Qf3 Rxg2 56. Kxg2 a6 57. Kf2 f5 58. Qb7 Kg8 59. d5 Qd6 60. Qc6 Qf4+ 61. Kg1 Qe3+ 62. Kf1 Qf3+ 63. Kg1 Qe3+ 64. Kf1 1/2-1/2

[Event "Benasque op"]
[Site "Benasque"]
[Date "1996.??.??"]
[Round "9"]
[White "Cifuentes Parada, Roberto"]
[Black "Komarov, Dimitri"]
[Result "1/2-1/2"]
[WhiteElo "2500"]
[BlackElo "2595"]
[PlyCount "74"]
[EventDate "1996.07.??"]
[Source "ChessBase"]

1. d4 Nf6 2. c4 e6 3. Nc3 Bb4 4. e3 c5 5. Bd3 Nc6 6. Nf3 d5 7. O-O O-O 8. a3 Bxc3 9. bxc3 Qc7 10. a4 dxc4 11. Bxc4 b6 12. Ba3 Bb7 13. Re1 Rfd8 14. Qe2 Rac8 15. Ba2 Na5 16. Ne5 Nc6 17. Nf3 Na5 18. Ne5 Bd5 19. c4 Bb7 20. Bb2 Nc6 21. Rad1 Nxe5 22. dxe5 Nd7 23. f4 Nf8 24. Bb1 Rxd1 25. Rxd1 Rd8 26. Bc2 Bc6 27. e4 Rxd1+ 28. Qxd1 Qd7 29. Qxd7 Nxd7 30. Bc3 Bb7 31. Kf2 Ba6 32. Bb3 Nb8 33. Ke3 Nc6 34. f5 Na5 35. Bxa5 bxa5 36. Kf4 h6 37. h4 g6 1/2-1/2

[Event "Germany"]
[Site "?"]
[Date "2004.03.27"]
[Round "12"]
[White "Agrest Evgenij"]
[Black "Tischbierek Raj"]
[Result "1/2-1/2"]
[WhiteElo "2604"]
[BlackElo "2477"]
[PlyCount "50"]
[EventDate "2004.??.??"]
[Source "www.chesslib.no"]
[SourceDate "2004.05.04"]

1. Nf3 Nf6 2. c4 e6 3. Nc3 d5 4. d4 Bb4 5. e3 O-O 6. Bd3 c5 7. O-O Nc6 8. a3 Bxc3 9. bxc3 Qc7 10. h3 dxc4 11. Bxc4 Rd8 12. Qe2 Ne7 13. Bd3 Ng6 14. Nd2 Ne4 15. g3 e5 16. Bb2 Ne7 17. Rac1 c4 18. Bb1 Rd6 19. Bc2 Rd8 20. dxe5 b5 21. Nb3 g6 22. Nd4 Nf5 23. g4 b4 24. axb4 Bd7 25. Bb3 Ba4 1/2-1/2

[Event "RUS-ch"]
[Site "Elista"]
[Date "1996.??.??"]
[Round "3"]
[White "Sherbakov, Ruslan"]
[Black "Loginov, Valery A"]
[Result "1-0"]
[WhiteElo "2555"]
[BlackElo "2525"]
[PlyCount "101"]
[EventDate "1996.10.15"]
[Source "ChessBase"]

1. d4 Nf6 2. c4 e6 3. Nc3 Bb4 4. e3 O-O 5. Bd3 d5 6. Nf3 c5 7. O-O Nc6 8. a3 Bxc3 9. bxc3 Qc7 10. h3 dxc4 11. Bxc4 e5 12. Ba2 e4 13. Nh2 Qe7 14. Bb2 b6 15. c4 Rd8 16. d5 Ne5 17. f3 Bd7 18. Qc2 exf3 19. Nxf3 Ng6 20. Rae1 Ne4 21. Nd2 Nd6 22. Bb1 Qh4 23. e4 f6 24. Nf3 Qg3 25. Kh1 Nf4 26. Bc1 Re8 27. e5 Bf5 28. Qd2 Bxb1 29. Qxf4 Qxf4 30. Bxf4 fxe5 31. Nxe5 Bf5 32. Nc6 Ne4 33. Kh2 h5 34. d6 Kh8 35. Ne7 Bh7 36. Be5 Ng5 37. h4 Ne6 38. Bg3 Rf8 39. Rxf8+ Nxf8 40. Nc6 Nd7 41. Re7 Bf5 42. Be5 Rc8 43. Nxa7 Ra8 44. Bb2 Kg8 45. Nc6 Ra4 46. Rxg7+ Kf8 47. Ne7 Bg4 48. Ng8 Rxc4 49. Nh6 Be6 50. Re7 Rxh4+ 51. Kg1 1-0

[Event "WICC qual Dubai sf 25'+10"]
[Site "?"]
[Date "2001.10.01"]
[Round "6"]
[White "Rogozenko Dorian"]
[Black "Nataf Igor Alexandre"]
[Result "1/2-1/2"]
[WhiteElo "2548"]
[BlackElo "2527"]
[PlyCount "98"]
[EventDate "2001.??.??"]
[Source "www.chesslib.no"]
[SourceDate "2004.05.04"]

1. d4 Nf6 2. c4 e6 3. Nc3 Bb4 4. e3 O-O 5. Bd3 d5 6. Nf3 c5 7. O-O Nc6 8. a3 Bxc3 9. bxc3 Qc7 10. cxd5 exd5 11. a4 Re8 12. Ba3 c4 13. Bc2 Ne4 14. Bxe4 Rxe4 15. Nd2 Rh4 16. g3 Rh6 17. e4 Be6 18. Re1 Qd7 19. f3 b6 20. Rb1 Rg6 21. Nf1 Na5 22. Ne3 Nb3 23. f4 f5 24. exd5 Bxd5 25. Nxd5 Qxd5 26. Re5 Qd7 27. Qf3 Rc8 28. Re7 Qxa4 29. Qd5+ Kh8 30. Rbe1 Rg8 31. Qxg8+ Kxg8 32. Re8+ Qxe8 33. Rxe8+ Kf7 34. Re7+ Kg8 35. Re8+ Kf7 36. Re7+ Kg8 37. Rxa7 Re6 38. d5 Re1+ 39. Kf2 Rd1 40. d6 Nc5 41. Bxc5 bxc5 42. d7 Kf8 43. Rc7 Ke7 44. Rxc5 Kxd7 45. Rxc4 Rd2+ 46. Kg1 Rc2 47. Ra4 Rxc3 48. Kf2 Rc2+ 49. Ke3 Ke6 1/2-1/2

[Event "RUS-ch 54th"]
[Site "Elista"]
[Date "2001.05.03"]
[Round "4"]
[White "Lugovoi, Aleksei"]
[Black "Pushkov, Nikolai"]
[Result "1/2-1/2"]
[WhiteElo "2512"]
[BlackElo "2561"]
[PlyCount "47"]
[EventDate "2001.04.29"]
[Source "ChessBase"]
[SourceDate "2001.07.05"]

1. d4 Nf6 2. c4 e6 3. Nc3 Bb4 4. e3 c5 5. Bd3 Nc6 6. Nf3 d5 7. O-O O-O 8. a3 Bxc3 9. bxc3 Qc7 10. Bb2 Na5 11. cxd5 exd5 12. Ne5 b6 13. f3 Bb7 14. e4 c4 15. Bc2 Nb3 16. Bxb3 cxb3 17. Qxb3 dxe4 18. fxe4 Nxe4 19. Rad1 Nc5 20. Qc2 f6 21. Nf3 Be4 22. Qe2 Bxf3 23. Rxf3 Na4 24. Qb5 1/2-1/2

[Event "It (Open) Las Palmas ESP"]
[Site "?"]
[Date "2005.11.28"]
[Round "5.2"]
[White "Del Rio Angelis Salvador Gabr"]
[Black "Spraggett Kevin B"]
[Result "1/2-1/2"]
[WhiteElo "2487"]
[BlackElo "2585"]
[PlyCount "69"]
[EventDate "2005.??.??"]
[Source "www.chesslib.no"]
[SourceDate "2004.05.04"]

1. d4 Nf6 2. c4 e6 3. Nc3 Bb4 4. e3 O-O 5. Bd3 d5 6. Nf3 c5 7. O-O Nc6 8. a3 Bxc3 9. bxc3 Qc7 10. Bb2 Na5 11. cxd5 exd5 12. Ne5 c4 13. Bc2 Ne4 14. f3 Nd6 15. h3 f6 16. Ng4 Bf5 17. Bxf5 Nxf5 18. e4 Ng3 19. Re1 Nb3 20. Rb1 dxe4 21. fxe4 f5 22. exf5 Rxf5 23. Ne5 Raf8 24. Qg4 Nh5 25. a4 Nf4 26. Ba3 h5 27. Qg3 R8f6 28. Rbd1 Kh7 29. Kh2 Nd5 30. Rf1 Rxf1 31. Rxf1 Rxf1 32. Qg6+ Kh8 33. Qxh5+ Kg8 34. Qe8+ Kh7 35. Qh5+ 1/2-1/2

[Event "Sankt_Peterburg-Beer_Sheva 73/629"]
[Site "?"]
[Date "1998.??.??"]
[Round "?"]
[White "Lugovoi, Aleksei"]
[Black "Greenfeld, Alon"]
[Result "1/2-1/2"]
[WhiteElo "2540"]
[BlackElo "2530"]
[PlyCount "119"]
[EventDate "1998.??.??"]
[Source "ChessBase"]
[SourceDate "1998.06.01"]

1. d4 Nf6 2. c4 e6 3. Nc3 Bb4 4. e3 O-O 5. Bd3 d5 6. Nf3 c5 7. O-O Nc6 8. a3 Bxc3 9. bxc3 Qc7 10. cxd5 exd5 11. a4 Re8 12. Ba3 c4 13. Bc2 Ne4 14. Qe1 Qa5 15. Bb2 Qd8 16. Bxe4 Rxe4 17. Nd2 Re8 18. f3 Bf5 19. e4 Bg6 20. Qe3 f5 21. e5 Qb6 22. Bc1 f4 23. Qf2 Qa5 24. Bb2 Re6 25. Rfc1 Rf8 26. Ba3 Rf7 27. Bd6 Bd3 28. g4 fxg3 29. hxg3 Rg6 30. Kg2 Nd8 31. Qe3 Ne6 32. Kf2 Ng5 33. f4 Rh6 34. Bb4 Qb6 35. Rh1 Rxh1 36. Rxh1 a5 37. Ba3 Ne4+ 38. Nxe4 Bxe4 39. Rh2 Qb1 40. Bc1 Qc2+ 41. Qd2 Qxa4 42. g4 b5 43. e6 Rb7 44. f5 b4 45. Qg5 Qe8 46. Qh4 g6 47. Bf4 b3 48. Qf6 Qf8 49. Qxf8+ Kxf8 50. Bd6+ Ke8 51. f6 b2 52. f7+ Rxf7+ 53. exf7+ Kxf7 54. Rxh7+ Ke6 55. Rb7 b1=Q 56. Rxb1 Bxb1 57. Ba3 Kd7 58. Ke3 Kc6 59. Kd2 Be4 60. g5 1/2-1/2

[Event "Reykjavik"]
[Site "Reykjavik"]
[Date "1992.??.??"]
[Round "3"]
[White "Thorsteins, Karl"]
[Black "Hjartarson, Johann"]
[Result "0-1"]
[WhiteElo "2485"]
[BlackElo "2580"]
[PlyCount "121"]
[EventDate "1992.03.??"]
[Source "ChessBase"]

1. d4 Nf6 2. c4 e6 3. Nc3 Bb4 4. e3 O-O 5. Bd3 d5 6. Nf3 c5 7. O-O Nc6 8. a3 Bxc3 9. bxc3 Qc7 10. cxd5 exd5 11. Nh4 Ne7 12. g3 Bh3 13. Re1 Ng6 14. Ng2 Qd7 15. f3 cxd4 16. cxd4 Bf5 17. Bb2 Bxd3 18. Qxd3 Rac8 19. Rac1 Rxc1 20. Rxc1 Rc8 21. Rxc8+ Qxc8 22. Qc3 Qf5 23. Ne1 h5 24. Qc7 Qe6 25. Kf2 Qa6 26. h4 Nf8 27. Qc2 N6d7 28. Nd3 Qg6 29. Ne1 Qe6 30. Nd3 Qh3 31. Nf4 Qh2+ 32. Ng2 Nb6 33. Qc7 Nc4 34. Qxb7 Nxe3 35. Kxe3 Qg1+ 36. Kd3 Qxg2 37. Ke3 Qg1+ 38. Ke2 Qxg3 39. Bc3 Qg2+ 40. Ke3 Qg1+ 41. Ke2 Ng6 42. Qc8+ Kh7 43. Qf5 Qh2+ 44. Kd1 Qxh4 45. Qxd5 f6 46. Qf5 Qg5 47. Qxg5 fxg5 48. d5 h4 49. d6 Nf8 50. Ke2 Kg6 51. Kf2 Nd7 52. Kg2 Nf6 53. Bd2 Kf5 54. Kh3 a6 55. Be3 g6 56. Bd2 Nd7 57. Bc3 Ke6 58. Bd2 Ne5 59. Bxg5 Nxf3 60. Be3 g5 61. Bc5 0-1

[Event "Linares zt"]
[Site "Linares"]
[Date "1995.??.??"]
[Round "11"]
[White "Van der Sterren, Paul"]
[Black "Renet, Olivier"]
[Result "1-0"]
[WhiteElo "2545"]
[BlackElo "2520"]
[PlyCount "51"]
[EventDate "1995.11.??"]
[Source "ChessBase"]

1. d4 Nf6 2. c4 e6 3. Nc3 Bb4 4. e3 O-O 5. Bd3 d5 6. Nf3 c5 7. O-O Nc6 8. a3 Bxc3 9. bxc3 Qc7 10. cxd5 exd5 11. a4 Re8 12. Ba3 c4 13. Bc2 Bg4 14. Qe1 Bh5 15. Nh4 Ng4 16. g3 Bg6 17. Nxg6 hxg6 18. Qd2 Re6 19. e4 dxe4 20. d5 Rd8 21. Qe2 Rxd5 22. Qxg4 Qe5 23. Qf4 Qxf4 24. gxf4 Rd2 25. Ra2 e3 26. fxe3 1-0

[Event "Jugoslavija 73/(628)"]
[Site "?"]
[Date "1998.??.??"]
[Round "?"]
[White "Gligoric, Svetozar"]
[Black "Komarov, Dimitri"]
[Result "1/2-1/2"]
[WhiteElo "2495"]
[BlackElo "2570"]
[PlyCount "48"]
[EventDate "1998.??.??"]
[Source "ChessBase"]
[SourceDate "1998.06.01"]

1. d4 Nf6 2. c4 e6 3. Nc3 Bb4 4. e3 O-O 5. Bd3 c5 6. Nf3 d5 7. O-O Nc6 8. a3 Bxc3 9. bxc3 Qc7 10. cxd5 exd5 11. a4 Re8 12. Ba3 c4 13. Bc2 Ne4 14. Bxe4 Rxe4 15. Nd2 Re8 16. e4 Be6 17. Re1 dxe4 18. Nxe4 Bd5 19. Nd6 Red8 20. Nf5 Be6 21. Ne3 f5 22. Qf3 Qa5 23. Rec1 Rac8 24. Qg3 Qc7 1/2-1/2

[Event "Netherl"]
[Site "Wijk aan Zee Netherl"]
[Date "1983.??.??"]
[Round "?"]
[White "Scheeren, Peter"]
[Black "Korchnoi, Viktor L"]
[Result "1/2-1/2"]
[WhiteElo "2450"]
[BlackElo "2600"]
[PlyCount "70"]
[EventDate "1983.??.??"]
[Source "www.chesslib.no"]
[SourceDate "2004.05.04"]

1. d4 Nf6 2. c4 e6 3. Nc3 Bb4 4. e3 O-O 5. Bd3 d5 6. Nf3 c5 7. O-O Nc6 8. a3 Bxc3 9. bxc3 Qc7 10. cxd5 exd5 11. Nh4 Ne7 12. g3 Bh3 13. Ng2 Bf5 14. Nf4 Bxd3 15. Qxd3 c4 16. Qc2 g5 17. Ng2 g4 18. e4 Nxe4 19. Bh6 Rfe8 20. f3 gxf3 21. Rxf3 Qd6 22. Bf4 Qe6 23. Raf1 Ng6 24. Ne3 Rad8 25. Nf5 Kh8 26. g4 Rg8 27. h3 Ne7 28. Nh6 Rg6 29. Kh1 Re8 30. Qh2 Ng8 31. Nf5 Qd7 32. Ng3 Nxg3+ 33. Qxg3 Re4 34. Bb8 Qe6 35. Bf4 Re1 1/2-1/2

[Event "ISR Ch"]
[Site "?"]
[Date "2002.11.27"]
[Round "3"]
[White "Kantsler Boris"]
[Black "Gershon Alik"]
[Result "1/2-1/2"]
[WhiteElo "2486"]
[BlackElo "2562"]
[PlyCount "87"]
[EventDate "2002.??.??"]
[Source "www.chesslib.no"]
[SourceDate "2004.05.04"]

1. d4 Nf6 2. c4 e6 3. Nc3 Bb4 4. e3 O-O 5. Bd3 d5 6. Nf3 c5 7. O-O Nc6 8. a3 Bxc3 9. bxc3 Qc7 10. h3 dxc4 11. Bxc4 e5 12. Ba2 Bf5 13. Nh4 Bd7 14. d5 Na5 15. Qc2 c4 16. e4 Nb3 17. Rb1 Nc5 18. Bxc4 Ncxe4 19. Bd3 Nd6 20. c4 Rac8 21. Bg5 e4 22. Be2 Nxc4 23. Bxf6 gxf6 24. Rfc1 Qf4 25. g3 Qe5 26. Bxc4 b5 27. Qe2 bxc4 28. Rxc4 Rxc4 29. Qxc4 Bxh3 30. Re1 Re8 31. Qc5 a6 32. Qb6 Rc8 33. Qxa6 Rc3 34. Kh2 Bc8 35. Qa8 Qd4 36. Re3 Rc1 37. Ng2 Kg7 38. d6 f5 39. Qa5 Rc2 40. Qe1 Bd7 41. Re2 Rxe2 42. Qxe2 Qxd6 43. Qb2+ Qf6 44. Qb4 1/2-1/2

[Event "XXI Open"]
[Site "Pola CRO"]
[Date "2007.06.26"]
[Round "5.1"]
[White "Ramirez, Alejandro"]
[Black "Cvitan, Ognjen"]
[Result "1/2-1/2"]
[WhiteElo "2507"]
[BlackElo "2540"]
[PlyCount "26"]
[EventDate "2007.06.23"]
[Source "www.chesslib.no"]
[SourceDate "2004.05.04"]

1. d4 Nf6 2. c4 e6 3. Nc3 Bb4 4. e3 O-O 5. Nf3 c5 6. Bd3 d5 7. O-O Nc6 8. a3 Bxc3 9. bxc3 Qc7 10. Bb2 Na5 11. cxd5 c4 12. Bc2 exd5 13. Ne5 b6 1/2-1/2

[Event "It \"]
[Site "Neuhausen (Germany)"]
[Date "2007.06.05"]
[Round "2"]
[White "Ovsejevitsch Sergei (UKR)"]
[Black "Iotov Valentin (BUL)"]
[Result "1/2-1/2"]
[WhiteElo "2551"]
[BlackElo "2491"]
[PlyCount "68"]
[EventDate "2007.??.??"]
[Source "www.chesslib.no"]
[SourceDate "2004.05.04"]

1. d4 Nf6 2. c4 e6 3. Nc3 Bb4 4. e3 O-O 5. Bd3 d5 6. Nf3 c5 7. O-O Nc6 8. a3 Bxc3 9. bxc3 Qc7 10. h3 dxc4 11. Bxc4 e5 12. Ba2 Bf5 13. d5 Rad8 14. c4 Ne7 15. Bb2 Ng6 16. Nd2 Ne8 17. f4 exf4 18. exf4 Nd6 19. Qf3 Bc8 20. Rae1 Rde8 21. Bb1 Bf5 22. Bxf5 Nxf5 23. Ne4 Nd4 24. Bxd4 cxd4 25. g3 Rd8 26. Qd3 b5 27. Rc1 bxc4 28. Rxc4 Qd7 29. Rxd4 Qxh3 30. d6 Rfe8 31. Ng5 Qg4 32. Qf3 Qf5 33. Qd3 Qg4 34. Qf3 Qf5 1/2-1/2